[Event "EU-ch Amateur U1700"]
[Site "Zagreb"]
[Date "2022.08.15"]
[Round "2"]
[White "Romic, Darko"]
[Black "Kovac, Petra"]
[Result "1-0"]
[WhiteElo "1678"]
[BlackElo "1506"]
[PlyCount "111"]
[EventDate "2022.08.14"]
[EventType "swiss"]
[EventRounds "9"]
[EventCountry "CRO"]
[SourceTitle "CBM 210 Extra"]
[Source "ChessBase"]
[SourceDate "2022.11.30"]
[SourceVersion "1"]
[SourceVersionDate "2022.11.30"]
[SourceQuality "1"]

1. Nf3 d5 2. c4 Nf6 3. cxd5 Bg4 4. Ne5 Qxd5 5. Nxg4 Nxg4 6. Qc2 c6 7. Nc3 Qa5 8. d4 Nd7 9. Bd2 Qc7 10. Qf5 Ngf6 11. Bf4 Qb6 12. Qd3 Nd5 13. Nxd5 cxd5 14. Rc1 e6 15. f3 Bb4+ 16. Kf2 0-0 17. Bc7 Qa6 18. Qb3 b6 19. Qxb4 Qxa2 20. e3 Qa5 21. Qe7 Qd2+ 22. Be2 Nf6 23. Be5 Rfe8 24. Qa3 Rec8 25. b4 a5 26. bxa5 bxa5 27. Rhd1 Qb4 28. Qxb4 axb4 29. Rxc8+ Rxc8 30. Bxf6 gxf6 31. Rb1 Rb8 32. Bd1 Kf8 33. e4 dxe4 34. fxe4 Ke7 35. g4 Kd6 36. Ke3 Kc6 37. Ba4+ Kd6 38. Kd3 Rg8 39. h3 h5 40. Bd1 hxg4 41. hxg4 Rb8 42. Bb3 Rc8 43. Bc4 Rg8 44. Rg1 Rg5 45. Bb3 Ke7 46. Ke3 f5 47. Kf4 f6 48. exf5 exf5 49. Re1+ Kf8 50. gxf5 Rh5 51. Ke4 Rh3 52. Re3 Rh4+ 53. Kd5 Rf4 54. Bc2 Rf2 55. Be4 Kf7 56. Rb3 1-0